|
|
|
|
| LEADER |
00000nam0a2200000 4500 |
| 001 |
219890 |
| 005 |
20250604165535.0 |
| 010 |
|
|
|a 5746401714
|
| 020 |
|
|
|a RU
|b 90-8713
|
| 035 |
|
|
|a (RuTPU)RU\TPU\book\239994
|
| 090 |
|
|
|a 219890
|
| 100 |
|
|
|a 20120726d1989 k y0rusy5003 ca
|
| 101 |
0 |
|
|a rus
|
| 102 |
|
|
|a RU
|
| 105 |
|
|
|a a z 001zy
|
| 200 |
1 |
|
|a Вычислительные методы в физической газовой динамике
|e сборник статей
|f науч. ред. О. М. Киселев ; сост. М. Д. Черепнин
|
| 210 |
|
|
|a Казань
|c Изд-во Казан. ун-та
|d 1989
|
| 215 |
|
|
|a 143 с.
|c ил.
|d 20 см
|
| 320 |
|
|
|a Библиогр. в конце статей
|
| 606 |
|
|
|a Газовая динамика
|x Математические методы
|7 ca
|8 rus
|2 stltpush
|3 (RuTPU)RU\TPU\subj\4559
|9 32813
|
| 610 |
1 |
|
|a численные методы
|
| 610 |
1 |
|
|a колебательно-неравновесные течения
|
| 610 |
1 |
|
|a тлеющий разряд
|
| 610 |
1 |
|
|a процессы
|
| 610 |
1 |
|
|a оптические резонаторы
|
| 610 |
1 |
|
|a поля излучений
|
| 610 |
1 |
|
|a расчеты
|
| 610 |
1 |
|
|a газовые лазеры
|
| 610 |
1 |
|
|a исследование
|
| 675 |
|
|
|a 533.6
|z rus
|v 3
|
| 702 |
|
1 |
|a Киселев
|b О. М.
|4 340
|
| 702 |
|
1 |
|a Черепнин
|b М. Д.
|4 220
|
| 801 |
|
0 |
|a RU
|b RuMRKP
|c 19950417
|g psbo
|
| 801 |
|
1 |
|a RU
|b 63413507
|c 20120726
|
| 801 |
|
2 |
|a RU
|b 63413507
|c 20121120
|g RCR
|
| 942 |
|
|
|c BK
|